<?xml version="1.0" encoding="UTF-8"?><?xml-stylesheet type="text/xsl" href="static/style.xsl"?><OAI-PMH xmlns="http://www.openarchives.org/OAI/2.0/" xmlns:xsi="http://www.w3.org/2001/XMLSchema-instance" xsi:schemaLocation="http://www.openarchives.org/OAI/2.0/ http://www.openarchives.org/OAI/2.0/OAI-PMH.xsd"><responseDate>2026-06-02T22:17:31Z</responseDate><request verb="GetRecord" identifier="oai:riuma.uma.es:10630/5658" metadataPrefix="marc">https://riuma.uma.es/rest/oai/request</request><GetRecord><record><header><identifier>oai:riuma.uma.es:10630/5658</identifier><datestamp>2026-02-03T12:14:08Z</datestamp><setSpec>com_10630_2254</setSpec><setSpec>col_10630_37959</setSpec></header><metadata><record xmlns="http://www.loc.gov/MARC21/slim" xmlns:dcterms="http://purl.org/dc/terms/" xmlns:doc="http://www.lyncode.com/xoai" xmlns:xsi="http://www.w3.org/2001/XMLSchema-instance" xsi:schemaLocation="http://www.loc.gov/MARC21/slim http://www.loc.gov/standards/marcxml/schema/MARC21slim.xsd">
   <leader>00925njm 22002777a 4500</leader>
   <datafield ind2=" " ind1=" " tag="042">
      <subfield code="a">dc</subfield>
   </datafield>
   <datafield ind2=" " ind1=" " tag="720">
      <subfield code="a">Durán, Ana C.</subfield>
      <subfield code="e">author</subfield>
   </datafield>
   <datafield ind2=" " ind1=" " tag="720">
      <subfield code="a">Reyes-Moya, Ismael</subfield>
      <subfield code="e">author</subfield>
   </datafield>
   <datafield ind2=" " ind1=" " tag="720">
      <subfield code="a">Torres-Prioris, Agustina María</subfield>
      <subfield code="e">author</subfield>
   </datafield>
   <datafield ind2=" " ind1=" " tag="720">
      <subfield code="a">Machuca, Ángela</subfield>
      <subfield code="e">author</subfield>
   </datafield>
   <datafield ind2=" " ind1=" " tag="720">
      <subfield code="a">Fernández, Borja</subfield>
      <subfield code="e">author</subfield>
   </datafield>
   <datafield ind2=" " ind1=" " tag="720">
      <subfield code="a">Sans-Coma, Valentín</subfield>
      <subfield code="e">author</subfield>
   </datafield>
   <datafield ind2=" " ind1=" " tag="260">
      <subfield code="c">2013-07-26</subfield>
   </datafield>
   <datafield ind2=" " ind1=" " tag="520">
      <subfield code="a">The presence of melanin-containing cells in the heart has been documented in tetrapods,&#xd;
but not in fish. It has been even suggested that dark pigmented cells are exclusively&#xd;
associated with hearts having two atria and two ventricles. The aim here is to report the&#xd;
occurrence of pigment cells in the heart of the bichir, an extant representative of the&#xd;
polypteriformes, an ancient ray-finned fish lineage that split from the stem of the&#xd;
actinopterygians soon after their divergence from the sarcopterygians. The bichir heart&#xd;
is composed of sinus venosus, atrium, ventricle, conus arteriosus and bulbus arteriosus&#xd;
arranged sequentially within the pericardial cavity. Dendritic-shaped cells containing&#xd;
melanosomes were found in the five cardiac components of the 12 bichirs included in&#xd;
this study. Numerous melanophores were distributed regularly over the surface of all&#xd;
segments having myocardium in their walls, thus resulting in a marked pigmentation of&#xd;
the whole heart. The bulbus arteriosus, which in the bichir is reduced in size, showed an&#xd;
even more intense pigmentation. In all instances, the melanophores were localized in&#xd;
the subepicardial space. Pigment cells also occurred in the pericardium and ventral&#xd;
aorta. The functional role of melanocytes in the tetrapod heart remains obscure. Antiinflamatory&#xd;
activity, cytoprotection and effects on the viscoelastic properties of the&#xd;
cardiac tissue have been adduced as possible actions of such cells. The role of pigment&#xd;
cells in the bichir heart constitutes a new open question. Interestingly, however, the only&#xd;
cells that have been shown to form melanin-containing cells in the heart derive from the&#xd;
neural crest. If the melanophores of the bichir heart are indeed of neural crest origin, it&#xd;
would suggest a much more extensive contribution and persistence of elements from the&#xd;
neural crest in the primitive heart of jawed vertebrates as assumed so far in most papers&#xd;
devoted to vertebrate heart embryology.</subfield>
   </datafield>
   <datafield ind1="8" ind2=" " tag="024">
      <subfield code="a">http://hdl.handle.net/10630/5658</subfield>
   </datafield>
   <datafield tag="653" ind2=" " ind1=" ">
      <subfield code="a">Polypteriformes - Anatomía</subfield>
   </datafield>
   <datafield ind2="0" ind1="0" tag="245">
      <subfield code="a">Pigmentation of the heart in the bichir, polypterus senegalus.</subfield>
   </datafield>
</record>
</metadata></record></GetRecord></OAI-PMH>